Responses for show #4563 - Wednesday, June 9, 2004

Ken Jennings game 6.

(Jimmy: If you can't run away and join the circus, the next best thing is clues about Cirque du Soleil--next on Jeopardy!)

Contestants

Anne Fritz, an executive director from Memphis, Tennessee

Kevin Stanley, a writer and poet from Decatur, Georgia

Ken Jennings, a software engineer from Salt Lake City, Utah (whose 5-day cash winnings total $156,000)

Jeopardy! Round responses

AFRICAN-AMERICAN WOMEN
MOVIE ROLES
MUSEUMS
A GREEN CATEGORY
1969
GOING "SOFT" ON US, EH?
    $200 12
Coretta Scott King

Ken
    $200 1
Austin Powers

Ken
    $200 23
cable cars

Ken
    $200 21
the Green Hornet

Ken
    $200 4
Prince Charles

Ken
    $200 11
a soft-boiled egg

Anne
    $400 13
Oprah Winfrey

Ken
    $400 2
Billy Bob Thornton

Ken
    $400 27
(the University of) Mississippi

Ken
    $400 22
S&H

Anne
    $400 7
the Concorde

Anne
    $400 17
softball

Ken
    $600 14
Texas

Kevin
    $600 3
Mrs. Doubtfire

Anne
    $600 28
the Santa Fe Trail

Anne
    $600 24
(Anne: What is a frog?)
(Alex: Be more specific.)
(Anne: A horned frog?)

a tree frog

KenAnne
    $600 8
Golda Meir

Ken
    $600 18
software

Ken
    $800 15
Condoleezza Rice

Kevin
    $800 5
Breakfast at Tiffany's

Ken
    $800 29
Henry VIII

Ken
    $800 25
Cyprus

Ken
    $800 9
Charles De Gaulle

Anne
    $800 19
soft shoe

Ken
    $1,400 16
Marian Anderson

Kevin
    $1000 6
Atlantic City

Ken
    $1000 30
Mexico City

Ken
    $1000 26
Libya

Ken
    $1000 10
Brian Jones

Ken
    $1000 20
the soft palate

Ken

Scores at the first commercial break (after clue 12):

Ken Kevin Anne
$4,400 $0 $2,000

Scores at the end of the Jeopardy! Round:

Ken Kevin Anne
$12,600 $2,800 $2,400

Double Jeopardy! Round responses

SCOTLAND
CIRQUE DU SOLEIL
THE ANCIENTS SPEAK
SHOW TIME
SOUL FOOD
THE "L" WORD
    $400 6
Mac

Ken
    $400 22
Quebec

Ken
    $400 10
Athens

Ken
    $400 1
24

Ken
    $400 21
(Kevin: What are pinto beans?)

kidney beans

KevinAnne
    $400 11
Lady

Ken
    $4,600 7
(Ken: What is a forth?)
(Alex: Oh, you got it backward... it's the Firth of Forth.)

firths

Ken
    $800 27
costumes

Ken
    $800 17
medicine

Kevin
    $800 2
All in the Family

Ken
    $800 23
a sweet potato

Kevin
    $800 12
liars

Kevin
    $1200 8
Robert the Bruce

Ken
    $1200 28
the big top

Ken
    $2,800 18
(Kevin: What is a fulcrum?)

lever

Kevin
    $1200 3
Chris Isaak

Ken
    $1200 24
collard greens

Ken
    $1200 13
(Anne: What is a Leica?)
(Kevin: What is a camera?)

lens

KevinAnne
Triple Stumper
    $1600 9
(Ken: What are the Hebrides?)

the Shetlands

KenAnne
    $1600 29
Saltimbanco

Triple Stumper
    $1600 19
The Republic

Triple Stumper
    $1600 4
Craig Kilborn

Kevin
    $1600 25
chitlins

Kevin
    $1600 14
(Kevin: What is laproscopic?)

ligature

Kevin
Triple Stumper
    $2000 16
(Anne: What is Hibernia?)

Caledonia

Anne
Triple Stumper
    $2000 30
Mystere

Triple Stumper
    $2000 20
Diogenes

Ken
    $2000 5
forensic

Anne
    $2000 26
okra

Kevin
    $2000 15
(Anne: What is Limoges?)

Lenox

KenAnne

Scores at the end of the Double Jeopardy! Round:

Ken Kevin Anne
$18,800 $4,400 $1,200
(lock game)

[wagering suggestions for these scores]

Final Jeopardy! Round responses

FICTIONAL CHARACTERS
AnneWho is Tiny Tim?
$1,200
KevinWho is Tiny Tim?
$4,400
KenWho is Tiny Tim?
$6,200
Tiny Tim

Final scores:

Ken Kevin Anne
$25,000 $8,800 $2,400
6-day champion: $181,000 2nd place: $2,000 3rd place: $1,000

Game dynamics:

Coryat scores:

Ken Kevin Anne
$23,400 $6,800 $1,200
34 R,
2 W
(including 1 DD)
9 R
(including 1 DD),
4 W
(including 1 DD)
9 R,
4 W

Combined Coryat: $31,400

The J! Archive is created by fans, for fans. The Jeopardy! game show and all elements thereof, including but not limited to copyright and trademark thereto, are the property of Jeopardy Productions, Inc. and are protected under law. This website is not affiliated with, sponsored by, or operated by Jeopardy Productions, Inc. Join the discussion at JBoard.tv.